Every Car Volvo Has Ever Made - Statistics

General Stats
  • This quiz has been taken 6 times
  • The average score is 37 of 63
Answer Stats
Years of Manufacture Description Answer % Correct
2000–2007 Mid-size car/Large family car (Station wagon) XC70
100%
2007–2016 Full-size car (Station wagon) XC70
100%
2025– Plug-in hybrid mid-size crossover SUV XC70
100%
2003–2014 Mid-size crossover SUV XC90
100%
2014– Mid-size crossover SUV XC90
100%
1974-1993 Large family car 240/260
83%
1982-1992 Large family car 740/760
83%
1986-1991 Coupe 780
83%
1991-1997 Large family car/Mid-size car 850
83%
1990-1996 Large family car/Full-size car/Mid-size luxury car 940/960
83%
1956-1970 Small family car Amazon
83%
1996–2005 Mid-size car (Coupe/Convertible) C70
83%
2006–2013 Full-size car/Cabriolet C70
83%
2026– Battery electric compact crossover SUV EX60
83%
2000–2009 Compact executive car/Mid-size car S60
83%
2010–2018 Compact executive car S60
83%
2018–2024 Mid-size car/Entry-level luxury car/Compact executive car S60
83%
1996–2000 Mid-size car S70
83%
1998–2006 Executive car/Full-size car/Mid-size luxury car S80
83%
2006–2016 Full-size car/Executive car S80
83%
1995-2004 Compact car V40
83%
2012–2019 Compact car/Small family car V40
83%
2010–2018 Mid-size car V60
83%
2018– Mid-size car/Entry-level luxury car/Compact executive car V60
83%
1996–2000 Large family car V70
83%
2000–2007 Mid-size car/Large family car (Station wagon) V70
83%
2007–2016 Full-size car (Station wagon) V70
83%
1996–1998 Executive car/Full-size car V90
83%
2016–2025 Full-size car/Executive car/Mid-size luxury car V90
83%
2017– Subcompact crossover SUV XC40
83%
2008–2017 Compact crossover SUV XC60
83%
2017– Compact crossover SUV XC60
83%
2006–2013 Compact car C30
67%
2024– Battery electric mid-size luxury SUV EX90
67%
1995-2004 Small family car S40
67%
2003–2012 Small family car/Compact car/Subcompact executive car S40
67%
2004–2012 Small family car/Compact car/Subcompact executive car V50
67%
1976-1991 Small family car 340/360
50%
1987-1997 Small family car 440/460
50%
1986-1995 Compact car 480
50%
2019– Battery electric subcompact crossover SUV EX40
50%
1927-1929 Small family car ÖV4/PV4
50%
1961-1973 Sports car P1800
50%
1996–1998 Executive car/Full-size car S90
50%
2016– Full-size car/Executive car/Mid-size luxury car S90
50%
1966-1974 Large family car 140 Series
33%
1977-1983 Coupe 262C
33%
2024– Battery electric luxury minivan EM90
33%
2025– Battery electric full-size car/Executive car ES90
33%
2023– Battery electric subcompact crossover SUV EX30
33%
1975-1980 Small family car 66
17%
1953-1969 Station wagon Duett
17%
2021– Battery electric subcompact crossover SUV EC40
17%
1956-1957 Sports car P1900
17%
1944-1966 Small family car PV444/544
17%
1968-1975 Luxury car 164
0%
1935-1938 Luxury car PV36 Carioca
0%
1936-1945 Large family car PV51 Series
0%
1946-1950 Luxury car PV60
0%
1929-1937 Large family car PV650 Series
0%
1938-1958 Taxicab PV800 Series
0%
1930-1937 Taxicab TR670 Series
0%
2014–2016 Mid-size crossover SUV XC Classic
0%
No matching quizzes found
Score Distribution
Percent of People with Each Score
Percentile by Number Answered
Your Score History
You have not taken this quiz